000 01372nam a2200349Ia 4500
001 ebr10284900
003 CaPaEBR
006 m u
007 cr cn|||||||||
008 080226s2008 ne sb 001 0 eng d
010 _z 2008924857
020 _z9781402083662 (hbk.)
020 _z1402083661 (hbk.)
020 _z140208367X (e-book)
020 _z9781402083679 (e-book)
040 _aCaPaEBR
_cCaPaEBR
035 _a(OCoLC)272306779
050 1 4 _aK3585
_b.D473 2008eb
100 1 _aDescamps, Hannes.
245 1 0 _aInternational documents on environmental liability
_h[electronic resource] /
_cby Hannes Descamps, Robin Slabbinck, Hubert Bocken.
260 _aDordrecht ;
_aLondon :
_bSpringer,
_cc2008.
300 _axii, 372 p.
504 _aIncludes bibliographical references (p. 361-365) and index.
533 _aElectronic reproduction.
_bPalo Alto, Calif. :
_cebrary,
_d2009.
_nAvailable via World Wide Web.
_nAccess may be limited to ebrary affiliated libraries.
650 0 _aEnvironmental law, International.
650 0 _aEnvironmental law, International
_vSources.
655 7 _aElectronic books.
_2local
700 1 _aSlabbinck, Robin.
700 1 _aBocken, Hubert.
710 2 _aebrary, Inc.
856 4 0 _uhttp://site.ebrary.com/lib/rucke/Doc?id=10284900
_zAn electronic book accessible through the World Wide Web; click to view
999 _c2618
_d2618